The encyclopaedic dictionary (Record no. 155786)

MARC details
000 -LEADER
campo de control de longitud fija 00878nam a22002055i 4500
001 - NÚMERO DE CONTROL
campo de control 155786
003 - IDENTIFICADOR DE NÚMERO DE CONTROL
campo de control ES-MaACL
005 - FECHA Y HORA DE LA ÚLTIMA TRANSACCIÓN
campo de control 20230906210210.0
008 - DATOS DE LONGITUD FIJA--INFORMACIÓN GENERAL
campo de control de longitud fija 040728m18791889xxka |||| | eng d
040 ## - FUENTE DE CATALOGACIÓN
Centro catalogador/agencia de origen CAM
Lengua de catalogación spa
Centro/agencia transcriptor CAM
100 1# - ENTRADA PRINCIPAL--NOMBRE DE PERSONA
Nombre de persona Hunter, Robert.
9 (RLIN) 128091
245 14 - MENCIÓN DEL TÍTULO
Título The encyclopaedic dictionary
Resto del título : a new and original work or reference to all the words in the english language with a full account of their origin, meaning, pronunciation, and use /
Mención de responsabilidad, etc. by Robert Hunter.
260 ## - PUBLICACIÓN, DISTRIBUCIÓN, ETC.
Lugar de publicación, distribución, etc. London [etc] :
Nombre del editor, distribuidor, etc. Cassell, Petter, Galpin & co.,
Fecha de publicación, distribución, etc. 1879-1889.
300 ## - DESCRIPCIÓN FÍSICA
Extensión 14 v. :
Otras características físicas il. ;
Dimensiones 26 cm.
594 ## - Nota al título y mención de responsabilidad
Nota al título y mención de responsabilidad El autor sólo consta en los 2 v. del t.I.
597 ## - NOTA DE DESCRIPCIÓN FÍSICA
NOTA DE DESCRIPCIÓN FÍSICA 7 t. en 14 v.
650 #4 - PUNTO DE ACCESO ADICIONAL DE MATERIA--TÉRMINO DE MATERIA
Término de materia o nombre geográfico como elemento de entrada Lengua inglesa-
Subdivisión de forma Diccionarios.
9 (RLIN) 14269
752 ## - ENTRADA AGREGADA--NOMBRE JERÁRQUICO DEL LUGAR
País o entidad superior Gran Bretaña -
Ciudad Londres
852 ## - LOCALIZACIÓN
Ubicación ES-MaACL
Número de control de estantería B-11275-11276 y B-11279-11288
Nota libre -- Enc. tela
condición física -- Falto de los 2 v. del tomo II
Holdings
Estatus retirado Estado de pérdida Estado de daño No para préstamo Colección Biblioteca de origen Biblioteca actual Ubicación en estantería Fecha de adquisición Fuente de adquisición Total de préstamos Signatura topográfica completa Código de barras Visto por última vez Precio de reemplazo Tipo de ítem Koha
        Libros del s. XIX Biblioteca del Ateneo de Madrid Biblioteca del Ateneo de Madrid Sala Pardo Bazán 17/01/2008     B-11275-11276 y B-11279-1 1162960 23/02/2023 23/02/2023 Libro impreso antiguo